000
00274nam a22001097a 4500
008
140219t xxu||||| |||| 00| 0 eng d
020
_a
0-382-37984-5
100
_a
Silver burdett Ginn
_9
756
245
_a
Mathematics
_b
the path to math success!
300
_a
J16
942
_2
ddc
_c
BK
999
_c
17013
_d
17013